Diccionario de la literatura latinoamericana. (Record no. 51357)

MARC details
000 -LEADER
fixed length control field 00993cam a22002651 4500
001 - CONTROL NUMBER
control field pa 58000019
003 - CONTROL NUMBER IDENTIFIER
control field DLC
005 - DATE AND TIME OF LATEST TRANSACTION
control field 20260227111854.0
008 - FIXED-LENGTH DATA ELEMENTS--GENERAL INFORMATION
fixed length control field 740828m19581963dcu bd 000 0 spa c
010 ## - LIBRARY OF CONGRESS CONTROL NUMBER
LC control number pa 58000019
035 ## - SYSTEM CONTROL NUMBER
System control number (OCoLC)991147
040 ## - CATALOGING SOURCE
Original cataloging agency Pan American Union. Library
Transcribing agency NhD
Modifying agency OCoLC
-- DLC
042 ## - AUTHENTICATION CODE
Authentication code premarc
050 00 - LIBRARY OF CONGRESS CALL NUMBER
Classification number PQ7081
Item number .P27
110 2# - MAIN ENTRY--CORPORATE NAME
Corporate name or jurisdiction name as entry element Pan American Union.
Subordinate unit Division of Philosophy and Letters.
245 10 - TITLE STATEMENT
Title Diccionario de la literatura latinoamericana.
250 ## - EDITION STATEMENT
Edition statement [Ed. provisional]
260 ## - PUBLICATION, DISTRIBUTION, ETC.
Place of publication, distribution, etc. Washington,
Name of publisher, distributor, etc. Unión Panamericana
Date of publication, distribution, etc. [1958]-63.
300 ## - PHYSICAL DESCRIPTION
Extent 6 v. in 8.
Dimensions 25 cm.
500 ## - GENERAL NOTE
General note Vols. 1-2 by the Letters Section of the Division of Philosophy, Letters and Sciences.
504 ## - BIBLIOGRAPHY, ETC. NOTE
Bibliography, etc. note Includes bibliographies.
505 0# - FORMATTED CONTENTS NOTE
Formatted contents note [1] Bolivia.--[2] Chile.--[3] Colombia.--[4] Argentina. 2 pts.--[5] Ecuador.--[6] América Central. 2 pts.
650 #0 - SUBJECT ADDED ENTRY--TOPICAL TERM
Topical term or geographic name entry element Latin American literature
Form subdivision Dictionaries.
710 2# - ADDED ENTRY--CORPORATE NAME
Corporate name or jurisdiction name as entry element Pan American Union.
Subordinate unit Letters Section.

No items available.

Powered by Koha